[Event "28. Torneo San Viator 2017 - Torneo B"]
[Site "Madrid ESP"]
[Date "2017.04.02"]
[Round "2.7"]
[White "Castro Uceda, Jose Antonio"]
[Black "Mateos Cordero, Francisco"]
[Result "1-0"]
[WhiteElo "1534"]
[BlackElo "1643"]
[PlyCount "60"]
[EventDate "2017.03.26"]
[EventType "swiss"]
[EventRounds "9"]
[EventCountry "ESP"]
[SourceTitle "Ajedrez en Madrid"]
[Source "lmi"]
[SourceDate "2017.03.26"]
[SourceVersion "1"]
[SourceVersionDate "2017.04.10"]
[SourceQuality "1"]

1. e4 c5 2. Nf3 e6 3. d4 cxd4 4. Qxd4 Nc6 5. Qd1 a6 6. a3 Be7 7. Bd3 Qc7 8. O-O
Nf6 9. Re1 d6 10. c4 Nd7 11. Nc3 Nde5 12. Nxe5 Nxe5 13. b3 b5 14. Qe2 bxc4 15.
Bxc4 Nxc4 16. bxc4 Bf6 17. Bd2 O-O 18. Rac1 Rb8 19. Bf4 Bxc3 20. Rxc3 e5 21.
Be3 f5 22. exf5 Bxf5 23. Rd1 Rb1 24. Rxb1 Bxb1 25. Qb2 Bf5 26. Bb6 Qc6 27. c5
d5 28. Rg3 d4 29. Qe2 d3 30. Qxe5 Re8 1-0

[Event "28. Torneo San Viator 2017 - Torneo B"]
[Site "Madrid ESP"]
[Date "2017.04.02"]
[Round "2.8"]
[White "Arce Escobedo, Julio"]
[Black "Garcia Rojas, Juan Carlos"]
[Result "1-0"]
[WhiteElo "1642"]
[BlackElo "1514"]
[PlyCount "113"]
[EventDate "2017.03.26"]
[EventType "swiss"]
[EventRounds "9"]
[EventCountry "ESP"]
[SourceTitle "Ajedrez en Madrid"]
[Source "lmi"]
[SourceDate "2017.03.26"]
[SourceVersion "1"]
[SourceVersionDate "2017.04.10"]
[SourceQuality "1"]

1. e4 c5 2. Nf3 d6 3. d4 cxd4 4. Qxd4 Bd7 5. c4 Nc6 6. Qd2 g6 7. Nc3 Bg7 8. Bd3
Nf6 9. O-O O-O 10. Rb1 a6 11. b3 Rc8 12. Bb2 e6 13. Rfd1 Re8 14. Bf1 Ne5 15.
Qxd6 Nxf3+ 16. gxf3 Rc6 17. Qd2 Qa5 18. e5 Qxe5 19. Ne4 Nxe4 20. fxe4 Qxe4 21.
Bg2 Qf5 22. Bxg7 Kxg7 23. Qxd7 Rcc8 24. Qxb7 Rcd8 25. Qf3 Qa5 26. a4 Rd2 27.
Rxd2 Qxd2 28. Rd1 Qa5 29. Qd3 Qb4 30. Qd4+ e5 31. Qd3 Re7 32. Bd5 Rd7 33. Qe3
f6 34. Qh3 f5 35. Qe3 Qe7 36. Re1 e4 37. Qc3+ Kh6 38. Re3 g5 39. Rh3+ Kg6 40.
Qh8 g4 41. Qg8+ Qg7 42. Qe8+ Kg5 43. Rh5+ Kf4 44. Qg8 Qa1+ 45. Kg2 Rg7 46. Qe6
Rg5 47. Qh6 Qg7 48. Qxg5+ Qxg5 49. Rxg5 Kxg5 50. a5 Kf6 51. Bb7 Ke5 52. Bxa6
Kd6 53. Bc8 f4 54. Bxg4 Kc5 55. Bf5 e3 56. fxe3 fxe3 57. Kf3 1-0

[Event "28. Torneo San Viator 2017 - Torneo B"]
[Site "Madrid ESP"]
[Date "2017.04.02"]
[Round "2.9"]
[White "Carrasco Coquillat, Alvaro"]
[Black "Dominguez Afonso, Ayraldo"]
[Result "1-0"]
[WhiteElo "1505"]
[BlackElo "1639"]
[PlyCount "93"]
[EventDate "2017.03.26"]
[EventType "swiss"]
[EventRounds "9"]
[EventCountry "ESP"]
[SourceTitle "Ajedrez en Madrid"]
[Source "lmi"]
[SourceDate "2017.03.26"]
[SourceVersion "1"]
[SourceVersionDate "2017.04.10"]
[SourceQuality "1"]

1. d4 Nf6 2. c4 g6 3. Nc3 Bg7 4. Nf3 O-O 5. e4 d6 6. Be2 e5 7. d5 Nbd7 8. O-O
Nc5 9. Qc2 a5 10. Bd2 Nh5 11. Na4 Nf4 12. Bxf4 exf4 13. Nxc5 dxc5 14. Rad1 g5
15. b3 g4 16. Nd2 Qg5 17. f3 Bd4+ 18. Kh1 g3 19. Rfe1 Kh8 20. Bf1 Rg8 21. Re2
Rg6 22. Nb1 Rh6 23. h3 Qh5 24. Rxd4 cxd4 25. Qd3 Qe5 26. Rd2 c6 27. Qxd4 Qxd4
28. Rxd4 cxd5 29. cxd5 Bd7 30. Nc3 Rc8 31. Rc4 Rxc4 32. bxc4 Rb6 33. Nb5 Bxb5
34. cxb5 Rd6 35. Bd3 Rd8 36. Kg1 Rc8 37. Kf1 Rc1+ 38. Ke2 Rg1 39. d6 Rxg2+ 40.
Ke1 Rg1+ 41. Ke2 Rg2+ 42. Ke1 Rh2 43. d7 Kg7 44. d8=Q f6 45. Qe7+ Kg6 46. e5+
Kh5 47. Qxh7+ 1-0

[Event "28. Torneo San Viator 2017 - Torneo B"]
[Site "Madrid ESP"]
[Date "2017.04.02"]
[Round "2.11"]
[White "Laray Fernandez, Juan"]
[Black "Marcelo De La Mata, Daniel"]
[Result "0-1"]
[WhiteElo "1490"]
[BlackElo "1630"]
[PlyCount "72"]
[EventDate "2017.03.26"]
[EventType "swiss"]
[EventRounds "9"]
[EventCountry "ESP"]
[SourceTitle "Ajedrez en Madrid"]
[Source "lmi"]
[SourceDate "2017.03.26"]
[SourceVersion "1"]
[SourceVersionDate "2017.04.10"]
[SourceQuality "1"]

1. e4 c6 2. d4 d5 3. Nc3 dxe4 4. Nxe4 Bf5 5. Ng3 Bg6 6. Nf3 Nd7 7. Bd3 Ngf6 8.
Bxg6 hxg6 9. Ng5 Qc7 10. Qf3 e6 11. Bf4 Bd6 12. Bxd6 Qxd6 13. O-O-O Qd5 14.
Qxd5 cxd5 15. h3 Ke7 16. Rhe1 Rhc8 17. f4 Kf8 18. Ne2 b5 19. g4 Rc6 20. f5 gxf5
21. gxf5 exf5 22. Nf4 Nb6 23. Nd3 Rac8 24. c3 Ne4 25. Nxe4 fxe4 26. Ne5 Rf6 27.
Rf1 Rxf1 28. Rxf1 f6 29. h4 Kg8 30. Ng6 Kh7 31. Ne7 Rc7 32. Nf5 b4 33. Kd2
bxc3+ 34. bxc3 Nc4+ 35. Kc2 Rb7 36. Rb1 Na3+ 0-1

[Event "28. Torneo San Viator 2017 - Torneo B"]
[Site "Madrid ESP"]
[Date "2017.04.02"]
[Round "2.12"]
[White "Caravantes Camacho, Fernando"]
[Black "Alberti Jimenez, Bernardo"]
[Result "0-1"]
[WhiteElo "1626"]
[BlackElo "1489"]
[PlyCount "70"]
[EventDate "2017.03.26"]
[EventType "swiss"]
[EventRounds "9"]
[EventCountry "ESP"]
[SourceTitle "Ajedrez en Madrid"]
[Source "lmi"]
[SourceDate "2017.03.26"]
[SourceVersion "1"]
[SourceVersionDate "2017.04.10"]
[SourceQuality "1"]

1. e4 d5 2. exd5 Qxd5 3. Nc3 Qa5 4. d4 Nf6 5. Nf3 Bg4 6. Be2 Nc6 7. Bf4 O-O-O
8. h3 Bxf3 9. Bxf3 Nxd4 10. O-O e5 11. Bg3 Nxf3+ 12. Qxf3 Bd6 13. Rfe1 Rhe8 14.
a3 Qc5 15. b4 Qc4 16. b5 Kb8 17. a4 Nd7 18. a5 Nc5 19. a6 f5 20. Bh4 Qxh4 21.
Ra4 Qf6 22. Rc4 e4 23. Qe3 b6 24. Nd5 Bh2+ 25. Kxh2 Rxd5 26. f4 Qd6 27. Re2 Ne6
28. g3 Rxb5 29. Rd2 Rd5 30. Rxd5 Qxd5 31. Qc3 Rd8 32. Rxc7 Qd2+ 33. Kg1 Qd1+
34. Kf2 Rd2+ 35. Ke3 Qe2# 0-1

[Event "28. Torneo San Viator 2017 - Torneo B"]
[Site "Madrid ESP"]
[Date "2017.04.02"]
[Round "2.13"]
[White "Sanchez Rivero, Miguel"]
[Black "Del Rio Perezagua, Mario"]
[Result "1-0"]
[WhiteElo "1475"]
[BlackElo "1621"]
[PlyCount "79"]
[EventDate "2017.03.26"]
[EventType "swiss"]
[EventRounds "9"]
[EventCountry "ESP"]
[SourceTitle "Ajedrez en Madrid"]
[Source "lmi"]
[SourceDate "2017.03.26"]
[SourceVersion "1"]
[SourceVersionDate "2017.04.10"]
[SourceQuality "1"]

1. e4 c5 2. Nf3 d6 3. Bb5+ Nd7 4. d4 cxd4 5. Qxd4 a6 6. Bxd7+ Bxd7 7. c4 Nf6 8.
Nc3 Bc6 9. O-O g6 10. Re1 Bg7 11. Qd3 O-O 12. h3 Nd7 13. Be3 Nc5 14. Bxc5 dxc5
15. Qe3 Bd4 16. Qh6 Bg7 17. Qe3 Qb6 18. b3 Rfd8 19. Rac1 e6 20. e5 Rd7 21. Rcd1
Rad8 22. Rxd7 Rxd7 23. Rd1 Rxd1+ 24. Nxd1 Bxf3 25. gxf3 Qc7 26. f4 Qd7 27. Nc3
Qd4 28. Qxd4 cxd4 29. Ne4 Bh6 30. Ng5 Bf8 31. Kf1 Bb4 32. Ke2 Ba3 33. Kd3 Bc1
34. Kxd4 Bxf4 35. Ne4 b6 36. c5 bxc5+ 37. Nxc5 a5 38. a3 Bd2 39. Ne4 Be1 40.
Ke3 1-0

[Event "28. Torneo San Viator 2017 - Torneo B"]
[Site "Madrid ESP"]
[Date "2017.04.02"]
[Round "2.14"]
[White "Arias Cusio, Oscar"]
[Black "Gonzalez Morente, Jose A"]
[Result "1-0"]
[WhiteElo "1606"]
[BlackElo "1481"]
[PlyCount "75"]
[EventDate "2017.03.26"]
[EventType "swiss"]
[EventRounds "9"]
[EventCountry "ESP"]
[SourceTitle "Ajedrez en Madrid"]
[Source "lmi"]
[SourceDate "2017.03.26"]
[SourceVersion "1"]
[SourceVersionDate "2017.04.10"]
[SourceQuality "1"]

1. e4 c5 2. Bc4 e6 3. Nc3 Nc6 4. Nf3 Nf6 5. O-O Be7 6. h3 d5 7. exd5 exd5 8.
Bb5 O-O 9. Re1 Qc7 10. d4 Be6 11. Be3 b6 12. Bg5 h6 13. Bh4 Nb8 14. a4 Nbd7 15.
Ba6 Bd6 16. Nb5 Qc6 17. Nxd6 Qxd6 18. Bg3 Qc6 19. Bb5 Qb7 20. Ne5 Nxe5 21. dxe5
Ne4 22. Bh2 f6 23. f3 Ng5 24. h4 Nh7 25. exf6 Rxf6 26. Be5 Rf7 27. Bxg7 Kxg7
28. Rxe6 Nf6 29. Bc6 Qc8 30. Qe1 Rb8 31. Qg3+ Kh7 32. Rae1 Qg8 33. Qe5 Qd8 34.
Qf5+ Kg7 35. h5 Kf8 36. Qg6 d4 37. Qxh6+ Kg8 38. R1e5 1-0

[Event "28. Torneo San Viator 2017 - Torneo B"]
[Site "Madrid ESP"]
[Date "2017.04.02"]
[Round "2.15"]
[White "Aparicio Iriso, Miguel"]
[Black "Urbelz Perez, Ignacio"]
[Result "1/2-1/2"]
[WhiteElo "1474"]
[BlackElo "1606"]
[PlyCount "37"]
[EventDate "2017.03.26"]
[EventType "swiss"]
[EventRounds "9"]
[EventCountry "ESP"]
[SourceTitle "Ajedrez en Madrid"]
[Source "lmi"]
[SourceDate "2017.03.26"]
[SourceVersion "1"]
[SourceVersionDate "2017.04.10"]
[SourceQuality "1"]

1. c4 e6 2. Nc3 f5 3. g3 Nf6 4. Bg2 d5 5. cxd5 exd5 6. d3 c6 7. Nf3 Bd6 8. O-O
O-O 9. b3 Qe7 10. a3 Nbd7 11. Bb2 Nc5 12. Qc2 Ne6 13. e3 Bd7 14. Ne2 Be8 15.
Nfd4 Nxd4 16. Nxd4 Ng4 17. Bf3 Ne5 18. Bg2 Bh5 19. Ne2 1/2-1/2

[Event "28. Torneo San Viator 2017 - Torneo B"]
[Site "Madrid ESP"]
[Date "2017.04.02"]
[Round "2.16"]
[White "Fernandez Garcia, Emilio"]
[Black "Carrasco Coquillat, Jorge"]
[Result "1/2-1/2"]
[WhiteElo "1606"]
[BlackElo "1468"]
[PlyCount "74"]
[EventDate "2017.03.26"]
[EventType "swiss"]
[EventRounds "9"]
[EventCountry "ESP"]
[SourceTitle "Ajedrez en Madrid"]
[Source "lmi"]
[SourceDate "2017.03.26"]
[SourceVersion "1"]
[SourceVersionDate "2017.04.10"]
[SourceQuality "1"]

1. Nf3 d5 2. d4 Nf6 3. c4 e6 4. Nc3 Nbd7 5. Bf4 c6 6. a3 dxc4 7. e3 b5 8. Be2
Bb7 9. h3 a6 10. O-O Nd5 11. Nxd5 cxd5 12. Qc2 a5 13. Nd2 Qb6 14. Rfc1 Be7 15.
Nf3 h6 16. Bh2 O-O 17. Kh1 Bc6 18. g4 b4 19. Rg1 bxa3 20. bxa3 Qb3 21. Qxb3
cxb3 22. a4 Ra7 23. Bb5 Bxb5 24. axb5 f6 25. Nd2 a4 26. Nxb3 Rfa8 27. Nd2 Bb4
28. Ra2 Bxd2 29. Rxd2 a3 30. Ra2 Rb7 31. Rb1 Ra5 32. Kg2 Rbxb5 33. Rxb5 Rxb5
34. Rxa3 Rb6 35. Ra8+ Kh7 36. Rd8 Rb7 37. Rc8 Rb6 1/2-1/2

[Event "28. Torneo San Viator 2017 - Torneo B"]
[Site "Madrid ESP"]
[Date "2017.04.02"]
[Round "2.20"]
[White "Rodriguez Coarasa, Carlos"]
[Black "Cantalejo Fronton, Eduardo"]
[Result "1-0"]
[WhiteElo "1706"]
[BlackElo "1414"]
[PlyCount "77"]
[EventDate "2017.03.26"]
[EventType "swiss"]
[EventRounds "9"]
[EventCountry "ESP"]
[SourceTitle "Ajedrez en Madrid"]
[Source "lmi"]
[SourceDate "2017.03.26"]
[SourceVersion "1"]
[SourceVersionDate "2017.04.10"]
[SourceQuality "1"]

1. e4 c5 2. Nf3 d6 3. d4 cxd4 4. Nxd4 Nf6 5. Nc3 Nc6 6. Be3 g6 7. Be2 Bg7 8.
Qd2 O-O 9. O-O a6 10. Rad1 Nxd4 11. Bxd4 Be6 12. Qe3 Rc8 13. e5 Nd5 14. Nxd5
Bxd5 15. exd6 e6 16. Bxg7 Kxg7 17. Qd4+ Qf6 18. c4 Qxd4 19. Rxd4 Bc6 20. b4
Rfd8 21. c5 Bd5 22. a3 b6 23. Rc1 Rxd6 24. Bxa6 bxc5 25. Rxd5 Rxa6 26. Rdxc5
Rxc5 27. bxc5 Rxa3 28. Kf1 Ra8 29. Ke2 Kf6 30. Kd3 Ke7 31. Kc4 Kd7 32. Rd1+ Kc6
33. Rd6+ Kc7 34. Rd2 Ra6 35. Kb5 Rc6 36. Ra2 Kb7 37. Ra7+ Kxa7 38. Kxc6 Kb8 39.
Kd7 1-0

[Event "28. Torneo San Viator 2017 - Torneo B"]
[Site "Madrid ESP"]
[Date "2017.04.02"]
[Round "2.21"]
[White "De Los Rios Camacho, Juan Antoni"]
[Black "Garcia Chica, Eva Maria"]
[Result "0-1"]
[WhiteElo "1683"]
[BlackElo "1411"]
[PlyCount "102"]
[EventDate "2017.03.26"]
[EventType "swiss"]
[EventRounds "9"]
[EventCountry "ESP"]
[SourceTitle "Ajedrez en Madrid"]
[Source "lmi"]
[SourceDate "2017.03.26"]
[SourceVersion "1"]
[SourceVersionDate "2017.04.10"]
[SourceQuality "1"]

1. e4 c6 2. Nc3 d5 3. Nf3 dxe4 4. Nxe4 Nf6 5. Nxf6+ exf6 6. Bc4 Bg4 7. O-O Bd6
8. Re1+ Be7 9. h3 Bh5 10. Qe2 Nd7 11. g4 Bg6 12. Nh4 Ne5 13. Bb3 O-O 14. d4
Qxd4 15. Be3 Qd8 16. f4 f5 17. g5 Nd7 18. Rad1 Qc7 19. Nxg6 hxg6 20. Qc4 Nb6
21. Bxb6 axb6 22. Kg2 Bd6 23. Kg3 b5 24. Qd4 Rad8 25. Qf2 Rfe8 26. h4 Re7 27.
Rxe7 Qxe7 28. c3 Bxf4+ 29. Qxf4 Rxd1 30. Bxd1 Qe1+ 31. Kg2 Qxd1 32. Qb8+ Kh7
33. Qxb7 Qe2+ 34. Kh1 Qf3+ 35. Kh2 Qf2+ 36. Kh1 Qxh4+ 37. Kg2 Qxg5+ 38. Kf1
Qc1+ 39. Ke2 Qxb2+ 40. Kd3 Qb1+ 41. Kd4 Qe4+ 42. Kc5 Qd5+ 43. Kb6 f4 44. Qc7 g5
45. Qc8 Qe6 46. Qd8 f6 47. Qd3+ f5 48. Qh3+ Kg6 49. Qg2 Qe3+ 50. Kc7 f3 51. Qg3
Qf4+ 0-1

[Event "28. Torneo San Viator 2017 - Torneo B"]
[Site "Madrid ESP"]
[Date "2017.04.02"]
[Round "2.22"]
[White "Martinez Pintor, Juan"]
[Black "Del Noval Nemeshazi, Mario"]
[Result "1-0"]
[WhiteElo "1657"]
[BlackElo "1371"]
[PlyCount "71"]
[EventDate "2017.03.26"]
[EventType "swiss"]
[EventRounds "9"]
[EventCountry "ESP"]
[SourceTitle "Ajedrez en Madrid"]
[Source "lmi"]
[SourceDate "2017.03.26"]
[SourceVersion "1"]
[SourceVersionDate "2017.04.10"]
[SourceQuality "1"]

1. d4 Nf6 2. c4 g6 3. Nc3 Bg7 4. e4 d6 5. h3 O-O 6. Nf3 Nbd7 7. Be3 e5 8. Bd3
Re8 9. O-O exd4 10. Bxd4 Nc5 11. Re1 Nxd3 12. Qxd3 c5 13. Be3 Qb6 14. a3 Qb3
15. Nd2 Qb6 16. b4 Qc6 17. Rad1 b6 18. Bf4 Nh5 19. Bh2 Bb7 20. b5 Qd7 21. Nd5
Re6 22. Nf3 h6 23. g4 Nf6 24. Nxf6+ Bxf6 25. e5 Be7 26. exd6 Bxd6 27. Ne5 Qe7
28. f4 Re8 29. Bg3 Kg7 30. Qc3 f6 31. Nxg6 Qc7 32. Rxe6 Rxe6 33. f5 Bxg3 34.
fxe6 Kxg6 35. Qc2+ Kg5 36. Qf5+ 1-0

[Event "28. Torneo San Viator 2017 - Torneo B"]
[Site "Madrid ESP"]
[Date "2017.04.02"]
[Round "2.23"]
[White "Tenorio Garcia, Joel"]
[Black "Sanchez Ortega, Ivan"]
[Result "0-1"]
[WhiteElo "1340"]
[BlackElo "1657"]
[PlyCount "134"]
[EventDate "2017.03.26"]
[EventType "swiss"]
[EventRounds "9"]
[EventCountry "ESP"]
[SourceTitle "Ajedrez en Madrid"]
[Source "lmi"]
[SourceDate "2017.03.26"]
[SourceVersion "1"]
[SourceVersionDate "2017.04.10"]
[SourceQuality "1"]

1. e4 e5 2. Nf3 Nc6 3. Nc3 Be7 4. d4 d6 5. Bb5 exd4 6. Nxd4 Bd7 7. Nxc6 bxc6 8.
Bd3 Bf6 9. O-O Ne7 10. Re1 O-O 11. f4 Bd4+ 12. Kh1 Bf2 13. Rf1 Bd4 14. Qf3 f5
15. Qg3 Bxc3 16. bxc3 fxe4 17. Bxe4 Bf5 18. Re1 Qd7 19. c4 d5 20. cxd5 cxd5 21.
Bb2 Rf7 22. Bxf5 Qxf5 23. Rac1 Ng6 24. Rf1 c5 25. Qe3 Rc8 26. Ba3 d4 27. Qf2
Qxf4 28. Qxf4 Rxf4 29. Rxf4 Nxf4 30. Rb1 Rc7 31. Rb5 Ne6 32. Kg1 Kf7 33. Kf2
Kf6 34. Ke2 Ke5 35. Kd3 Kd5 36. c4+ dxc3 37. Kxc3 Nd4 38. Rb2 Re7 39. Rd2 Re3+
40. Rd3 Rxd3+ 41. Kxd3 c4+ 42. Kd2 g5 43. Bb2 Nb5 44. Bf6 Nd6 45. Ke3 Ne4 46.
Ba1 h5 47. a3 a5 48. a4 Nc5 49. Bc3 Nxa4 50. Bxa5 Nc5 51. Bc3 Nd7 52. Bd4 Ne5
53. h3 g4 54. h4 Nc6 55. Bc3 Ke6 56. Kf4 Ne7 57. Kg5 Nd5 58. Bd4 c3 59. Kxh5 c2
60. Bb2 Kf5 61. Bc1 Nf4+ 62. Kh6 Nxg2 63. Kh5 Nf4+ 64. Kh6 g3 65. h5 g2 66. Be3
g1=Q 67. Bxg1 c1=Q 0-1

[Event "28. Torneo San Viator 2017 - Torneo B"]
[Site "Madrid ESP"]
[Date "2017.04.02"]
[Round "2.24"]
[White "Fernandez Munoz, Jesus Norbert"]
[Black "Martinell Gispert-Sauch, Jose M"]
[Result "0-1"]
[WhiteElo "1403"]
[BlackElo "1629"]
[PlyCount "96"]
[EventDate "2017.03.26"]
[EventType "swiss"]
[EventRounds "9"]
[EventCountry "ESP"]
[SourceTitle "Ajedrez en Madrid"]
[Source "lmi"]
[SourceDate "2017.03.26"]
[SourceVersion "1"]
[SourceVersionDate "2017.04.10"]
[SourceQuality "1"]

1. e4 c6 2. d4 d5 3. e5 Bf5 4. Nf3 e6 5. Be2 c5 6. c3 Nc6 7. Qa4 a6 8. O-O b5
9. Qd1 Qb6 10. Bg5 h6 11. Be3 c4 12. Nh4 Bh7 13. b4 a5 14. a3 axb4 15. Bh5 b3
16. f4 Nge7 17. Bc1 Nf5 18. Nxf5 Bxf5 19. Nd2 Nxd4 20. Kh1 Nc2 21. Bb2 Nxa1 22.
Qxa1 Qe3 23. Nf3 g6 24. Bc1 Qb6 25. Nd4 gxh5 26. Nxf5 exf5 27. Rf3 Rg8 28. Bb2
Qe6 29. Rh3 Be7 30. Rf3 h4 31. h3 Rg3 32. Rf2 Bc5 33. Re2 Kd7 34. Qc1 Rag8 35.
Qf1 Qg6 36. Kh2 Be3 37. Kh1 Rxg2 38. Rxg2 Qxg2+ 39. Qxg2 Rxg2 40. Kxg2 Bxf4 41.
Kf3 Bxe5 42. Ba1 Ke6 43. Bb2 Kd6 44. Ba1 Kc5 45. Bb2 d4 46. cxd4+ Bxd4 47. Bc1
c3 48. Bxh6 b2 0-1

[Event "28. Torneo San Viator 2017 - Torneo B"]
[Site "Madrid ESP"]
[Date "2017.04.02"]
[Round "2.25"]
[White "Baltasar Garza, Antonio"]
[Black "Marinas Olaya, Marta"]
[Result "1-0"]
[WhiteElo "1621"]
[BlackElo "1307"]
[PlyCount "47"]
[EventDate "2017.03.26"]
[EventType "swiss"]
[EventRounds "9"]
[EventCountry "ESP"]
[SourceTitle "Ajedrez en Madrid"]
[Source "lmi"]
[SourceDate "2017.03.26"]
[SourceVersion "1"]
[SourceVersionDate "2017.04.10"]
[SourceQuality "1"]

1. Nf3 d5 2. c4 c6 3. d4 Bf5 4. Nc3 Nf6 5. e3 Nbd7 6. Bd3 Bg6 7. O-O e6 8. b3
Qc7 9. Re1 Be4 10. Bxe4 Nxe4 11. Qc2 Ndf6 12. c5 h5 13. Ne5 Nxc3 14. Qxc3 Ng4
15. h3 f6 16. Nf3 Nh6 17. e4 dxe4 18. Rxe4 Ke7 19. Bf4 Qd7 20. Rae1 Kd8 21.
Rxe6 Bxc5 22. dxc5 Kc8 23. Qa5 Nf5 24. Re8+ 1-0

[Event "28. Torneo San Viator 2017 - Torneo B"]
[Site "Madrid ESP"]
[Date "2017.04.02"]
[Round "2.26"]
[White "Lozano Serrano, Nuria"]
[Black "Perez Gonzalez, Manuel"]
[Result "0-1"]
[WhiteElo "1263"]
[BlackElo "1600"]
[PlyCount "130"]
[EventDate "2017.03.26"]
[EventType "swiss"]
[EventRounds "9"]
[EventCountry "ESP"]
[SourceTitle "Ajedrez en Madrid"]
[Source "lmi"]
[SourceDate "2017.03.26"]
[SourceVersion "1"]
[SourceVersionDate "2017.04.10"]
[SourceQuality "1"]

1. c4 c5 2. Nc3 Nf6 3. g3 g6 4. Bg2 Bg7 5. Nf3 Nc6 6. O-O O-O 7. e3 d6 8. d4
cxd4 9. exd4 Bg4 10. a3 Qb6 11. d5 Ne5 12. h3 Bxf3 13. Bxf3 Nxc4 14. b3 Ne5 15.
Be3 Nxf3+ 16. Qxf3 Qxb3 17. Rfc1 Rfc8 18. Bd2 Qb6 19. Rab1 Qc7 20. Nb5 Qd7 21.
Nd4 Qxh3 22. Bc3 Ng4 23. Ne2 Qh2+ 24. Kf1 Qh5 25. Qe4 Bxc3 26. Nxc3 Qe5 27.
Qxg4 Rxc3 28. Rxc3 Qxc3 29. Rxb7 Qd3+ 30. Kg1 Qxd5 31. Rxe7 Rb8 32. Re1 Qd2 33.
Qe4 Rb2 34. Qa8+ Kg7 35. Rf1 a5 36. Qf3 Rc2 37. Rd1 Rc1 38. Rxc1 Qxc1+ 39. Kg2
Qc5 40. Qd3 d5 41. a4 d4 42. Qd2 Qc3 43. Qd1 d3 44. Kf1 Qc2 45. Qe1 Qb2 46. Qd1
Qc3 47. g4 d2 48. Ke2 Qc1 49. Qxd2 Qxd2+ 50. Kxd2 Kf6 51. Ke2 Ke5 52. Ke3 Kd5
53. Kd3 Kc5 54. Kc3 h5 55. gxh5 gxh5 56. Kd3 Kb4 57. Ke3 Kxa4 58. Kf4 Kb4 59.
Kg5 a4 60. Kxh5 a3 61. Kg5 a2 62. Kf6 a1=Q+ 63. Kxf7 Qf1 64. Ke6 Qxf2 65. Ke7
Qb6 0-1

[Event "28. Torneo San Viator 2017 - Torneo B"]
[Site "Madrid ESP"]
[Date "2017.04.02"]
[Round "2.28"]
[White "Corral Sanchez, Jesus"]
[Black "Gonzalez Mesas, Angel"]
[Result "1-0"]
[WhiteElo "1573"]
[BlackElo "1256"]
[PlyCount "107"]
[EventDate "2017.03.26"]
[EventType "swiss"]
[EventRounds "9"]
[EventCountry "ESP"]
[SourceTitle "Ajedrez en Madrid"]
[Source "lmi"]
[SourceDate "2017.03.26"]
[SourceVersion "1"]
[SourceVersionDate "2017.04.10"]
[SourceQuality "1"]

1. c4 c6 2. Nc3 d5 3. cxd5 cxd5 4. d4 Nf6 5. g3 e6 6. Bg2 Bd6 7. Nf3 Nc6 8. O-O
O-O 9. Nb5 Re8 10. Bg5 Be7 11. Bf4 Rf8 12. e3 a6 13. Nc3 Bd7 14. Re1 Rc8 15.
Ne5 Re8 16. Qe2 Bf8 17. Bg5 Be7 18. Red1 Qc7 19. Rac1 Nxe5 20. dxe5 Qxe5 21.
Bf4 Qf5 22. e4 dxe4 23. Nxe4 Rxc1 24. Rxc1 Bc6 25. Nxf6+ Bxf6 26. Bxc6 bxc6 27.
Qxa6 Bxb2 28. Qxc6 Rf8 29. Rc2 e5 30. Be3 Bd4 31. Bxd4 exd4 32. Rd2 Qb1+ 33.
Kg2 h6 34. Qd5 Qb6 35. Rxd4 Rb8 36. a4 Qb7 37. Qxb7 Rxb7 38. a5 Rb3 39. Ra4 Rb8
40. a6 Ra8 41. Kf3 Kf8 42. Ke4 Ke7 43. Kd5 Kd7 44. Kc5 Kc7 45. Kb5 Rb8+ 46. Ka5
Ra8 47. Rb4 Ra7 48. Rc4+ Kd6 49. Kb6 Re7 50. a7 Re8 51. Rc7 g6 52. Kb7 f5 53.
Rg7 g5 54. a8=Q 1-0

[Event "28. Torneo San Viator 2017 - Torneo B"]
[Site "Madrid ESP"]
[Date "2017.04.02"]
[Round "2.29"]
[White "Duran Andres, Rodrigo"]
[Black "Rodriguez Torres, Manuel"]
[Result "0-1"]
[WhiteElo "1207"]
[BlackElo "1570"]
[PlyCount "62"]
[EventDate "2017.03.26"]
[EventType "swiss"]
[EventRounds "9"]
[EventCountry "ESP"]
[SourceTitle "Ajedrez en Madrid"]
[Source "lmi"]
[SourceDate "2017.03.26"]
[SourceVersion "1"]
[SourceVersionDate "2017.04.10"]
[SourceQuality "1"]

1. e4 c5 2. Nc3 Nc6 3. Nf3 d6 4. Bb5 Bd7 5. d4 cxd4 6. Nxd4 Nf6 7. Be3 e5 8.
Bxc6 bxc6 9. Nf3 Be7 10. Qd3 O-O 11. O-O Qc7 12. Rfd1 Rfd8 13. Qe2 Be6 14. Bg5
h6 15. Bh4 Rab8 16. b3 Qa5 17. Qe1 Bg4 18. Rd3 Bxf3 19. Rxf3 d5 20. exd5 cxd5
21. Qxe5 Bd6 22. Qf5 Be7 23. Qd3 Qb4 24. Bg3 Rbc8 25. a3 Qb7 26. Be5 Ne4 27.
Re1 Bxa3 28. Nxe4 dxe4 29. Qxe4 Qxe4 30. Rxe4 Rd1+ 31. Re1 Rxe1# 0-1

[Event "28. Torneo San Viator 2017 - Torneo B"]
[Site "Madrid ESP"]
[Date "2017.04.02"]
[Round "2.30"]
[White "Gijon Molina, Carlos"]
[Black "Ramos Ramos, Jose Antonio"]
[Result "0-1"]
[WhiteElo "1144"]
[BlackElo "1567"]
[PlyCount "54"]
[EventDate "2017.03.26"]
[EventType "swiss"]
[EventRounds "9"]
[EventCountry "ESP"]
[SourceTitle "Ajedrez en Madrid"]
[Source "lmi"]
[SourceDate "2017.03.26"]
[SourceVersion "1"]
[SourceVersionDate "2017.04.10"]
[SourceQuality "1"]

1. d4 d5 2. c4 e5 3. e3 Nc6 4. Nc3 Bb4 5. dxe5 d4 6. exd4 Qxd4 7. Qxd4 Nxd4 8.
Bd3 Bf5 9. Kd2 O-O-O 10. Nf3 Nxf3+ 11. gxf3 Bxd3 12. Rg1 g6 13. a3 Bxc4+ 14.
Kc2 Bd3+ 15. Kb3 Bc5 16. Bg5 Be7 17. Be3 h5 18. Bxa7 b6 19. Na4 Kb7 20. Rac1
Kxa7 21. Rxc7+ Ka6 22. f4 Bf5 23. Rg3 Rd3+ 24. Nc3 Bh4 25. Rg1 Ne7 26. Ka4 Rd4+
27. b4 Bc2# 0-1

[Event "28. Torneo San Viator 2017 - Torneo B"]
[Site "Madrid ESP"]
[Date "2017.04.02"]
[Round "2.31"]
[White "Gonzalez Reyes, Felix"]
[Black "Strejoiv, Christian Ionut"]
[Result "1-0"]
[WhiteElo "1495"]
[BlackElo "1167"]
[PlyCount "119"]
[EventDate "2017.03.26"]
[EventType "swiss"]
[EventRounds "9"]
[EventCountry "ESP"]
[SourceTitle "Ajedrez en Madrid"]
[Source "lmi"]
[SourceDate "2017.03.26"]
[SourceVersion "1"]
[SourceVersionDate "2017.04.10"]
[SourceQuality "1"]

1. Nf3 e6 2. c4 Nf6 3. Nc3 Nc6 4. g3 Be7 5. Bg2 O-O 6. O-O a6 7. a3 d5 8. cxd5
exd5 9. d4 Ne4 10. Qb3 Nxc3 11. bxc3 Na5 12. Qc2 c6 13. Nd2 b5 14. e4 Be6 15.
Re1 f5 16. exd5 Bxd5 17. Bxd5+ cxd5 18. f4 Re8 19. Qxf5 Bf6 20. Rxe8+ Qxe8 21.
Qxd5+ Kh8 22. Kf2 Rd8 23. Qe4 Qf7 24. Bb2 Re8 25. Qf3 Nc4 26. Nxc4 Qxc4 27. Rd1
a5 28. Qd3 Qc6 29. Qf3 Qc4 30. Rd2 b4 31. Re2 Rd8 32. Qe4 h6 33. Qg6 bxc3 34.
Re8+ Rxe8 35. Qxe8+ Kh7 36. Qe4+ Kg8 37. Qe8+ Kh7 38. Qe4+ g6 39. Qb7+ Bg7 40.
Bc1 Qxd4+ 41. Kg2 Qd1 42. Be3 c2 43. Qc7 Qe2+ 44. Kh3 Qxe3 45. Qxc2 Qxa3 46. f5
Qd6 47. fxg6+ Qxg6 48. Qa4 Qh5+ 49. Kg2 Qe5 50. Qc2+ Kh8 51. Qc8+ Kh7 52. Qc2+
Kg8 53. Qc8+ Kf7 54. Qd7+ Qe7 55. Qf5+ Bf6 56. Qxa5 Qb7+ 57. Kh3 Kg6 58. Qa2
Qd7+ 59. Kg2 Qe6 60. Qxe6 1-0